| 000 | 00595nam a2200193Ia 4500 | ||
|---|---|---|---|
| 005 | 20250423100840.0 | ||
| 008 | 250422s9999 xx 000 0 und d | ||
| 020 | _a9780323401623 | ||
| 050 | _aRD 31 .T69/ | ||
| 100 | _a[edited by] Courtney M. Townsend Jr. ... [et al.]. | ||
| 245 | 0 | _aSabiston Textbook of Surgery : the biological basis of modern surgical practice. | |
| 250 | _a20th ed. | ||
| 260 | _aPhiladelphia | ||
| 260 | _bElsevier Saunders | ||
| 260 | _c2017 | ||
| 300 | _a2146 p | ||
| 650 | _aSurgical Procedures, Operative. General Surgery. Perioperative Care. | ||
| 942 | _cBK | ||
| 999 |
_c34526 _d34526 |
||